Acquisitions in relation to growth companies
Salvato in:
| Autore principale: | |
|---|---|
| Natura: | Capitolo di libro |
| Lingua: | inglese |
| Soggetti: | |
| Tags: |
Nessun Tag, puoi essere il primo ad aggiungerne!!
|
MARC
| LEADER | 00000nla a2200000 4500 | ||
|---|---|---|---|
| 001 | 0226486 | ||
| 005 | 20240502073726.7 | ||
| 041 | 0 | |a eng | |
| 044 | |a SK | ||
| 245 | 1 | 0 | |a Acquisitions in relation to growth companies |c Magdaléna Kubranová |
| 610 | 2 | 0 | |a spoločnosti |
| 610 | 2 | 0 | |a rozhodovanie strategické |
| 610 | 2 | 0 | |a rozhodovanie manažérske |
| 610 | 2 | 0 | |a rozhodovanie finančné |
| 610 | 2 | 0 | |a akvizícia |
| 610 | 2 | 0 | |a zisk |
| 610 | 2 | 0 | |a rast podniku |
| 610 | 2 | 0 | |a synergia |
| 100 | 1 | |a Kubranová, Magdaléna, 1956- | |